LEADER 00796nam a2200205 i 4500 001 000000192583 003 CaOOAMICUS 005 20100923000000.0 008 100923s1937 it u000 u ita u 013 $a171179 040 $aSeMil$bita 100 1 $aBerra, Franco <1876-1955>.$0(OLS)http://semarc/name/70085 245 10$aDon Orione e la sua opera /$cFranco Berra. 260 $aMilano :$bGasparini,$c1937. 300 $a118 p., [1] p. di ritratto ;$c20 cm. 600 14$aOrione, Luigi .$0(OLS)http://semarc/subject/1661 850 $aSeMil 852 $aSeMil$W1$xVenegono$y1$m3J I 154$j143158$B143158$CSeMilBibl$Z2$F154524 $81 996 $6245$aDon Orione e la sua opera$9(OLS)http://semarc/title/277589 996 $6260$aMilano :$bGasparini$9(OLS)http://semarc/publisher/41354 LEADER 01448nam a2200289 i 4500 001 000000123613 003 CaOOAMICUS 005 20040518000000.0 008 040301s2003 be u000 u mul u 013 $a96309 020 $a2-503-51355-7 040 $aSeMil$bita 100 1 $aMarguin-Hamon, Elsa.$0(OLS)http://semarc/name/51310 240 10$aArs lectoria Ecclesie.$0(OLS)http://semarc/title/181760 245 12$aL'"Ars lectoria Ecclesie" de Jean de Garlande :$bune grammaire versifiée du 13. siècle et ses gloses /$cElsa Marguin-Hamon. 260 $aTurnhout :$bBrepols,$c2003. 300 $a358 p. :$bill. ;$c30 cm. 490 0 $aStudia Artistarum. Subsidia : études sur la Faculté des arts dans les universités médiévales ;$v2. 500 $aPaginazione doppia da 208 a 300 per complessive 450 p. - Contiene : Bibliographie. 700 0 $aIoannes : de Garlandia,$d<1195?-1272?>.$0(OLS)http://semarc/name/51311 830 0$aStudia Artistarum. Subsidia ;$v2.$0(OLS)http://semarc/title/5736 850 $aSeMil 852 $aSeMil$W1$xVenegono$y1$m5J X 31$j78278$B78278$CSeMilBibl$Z2$F80517 $81 961 $aSottoscrizione: Brepols 996 $6020$a2-503-51355-7$9(OLS)http://semarc/number/109198 996 $6245$aL'"Ars lectoria Ecclesie" de Jean de Garlande :$bune grammaire versifiée du 13. siècle et ses gloses$9(OLS)http://semarc/title/181759 996 $6260$aTurnhout :$bBrepols$9(OLS)http://semarc/publisher/29626